000 00679nam a2200193 4500
001 107827
003 ES-MaACL
005 20230906184512.0
007 t|
008 061121s1966 sp r ||||1| spa d
100 1 _aMoulopoulos, Spyridon D.
_983867
245 1 0 _aCardiomecánica /
_cSpyridon D. Moulopoulos; prólogo Willem J. Kolff; prólogo a la edición española José Mª Manzanares; versión de R. Lozano Guillén.
260 _aMadrid :
_bAlhambra,
_c1966.
300 _a216 p. :
_bil. ;
_c22 cm.
700 1 _aKolff, Willem J.
_968513
700 1 _aManzanares, José María.
_976199
700 1 _aLozano Guillén, R.
_974446
852 _aES-MaACL
_jC-29703
_bR.60085
999 _c107827
_d107827